ბათუმის შოთა რუსთაველის სახელმწიფო უნივერსიტეტის ბიბლიოთეკა

Kaukaz w dokumentach polskiej sluzby konsularnej z okresu miedzywojennego (ბიბ.ჩანაწერი № 57669)

000 -LEADER
fixed length control field 00666nam a22001817a 4500
005 - DATE AND TIME OF LATEST TRANSACTION
control field 20200902115848.0
008 - FIXED-LENGTH DATA ELEMENTS--GENERAL INFORMATION
fixed length control field 200902s2019 pl ||||| |||| 00| 0 pau d
020 ## - INTERNATIONAL STANDARD BOOK NUMBER
International Standard Book Number 9788379723010
041 ## - LANGUAGE CODE
Language code of text/sound track or separate title pl
080 ## - UNIVERSAL DECIMAL CLASSIFICATION NUMBER
Universal Decimal Classification number 94(438:479) F-98
100 ## - MAIN ENTRY--PERSONAL NAME
Personal name Furier, Andrzej
9 (RLIN) 9370
245 ## - TITLE STATEMENT
Title Kaukaz w dokumentach polskiej sluzby konsularnej z okresu miedzywojennego
Statement of responsibility, etc. Andrzej Furier.
264 ## - PRODUCTION, PUBLICATION, DISTRIBUTION, MANUFACTURE, AND COPYRIGHT NOTICE
Place of production, publication, distribution, manufacture Szczecin,
Date of production, publication, distribution, manufacture, or copyright notice 2019.
300 ## - PHYSICAL DESCRIPTION
Extent 285 p.
Other physical details 25 cm.
653 ## - INDEX TERM--UNCONTROLLED
keyword კავკასია ომის პერიოდის პოლონეთის საკონსულოს დოკუმენტებში
653 ## - INDEX TERM--UNCONTROLLED
keyword ისტორია
942 ## - ADDED ENTRY ELEMENTS (KOHA)
Source of classification or shelving scheme
Koha item type წიგნი
ეგზემპლარები
Withdrawn status Lost status Source of classification or shelving scheme Damaged status Not for loan Permanent Location Current Location Shelving location Date acquired Cost, normal purchase price Full call number Barcode Date last seen Copy number Price effective from Koha item type Public note
          ბათუმის შოთა რუსთაველის სახელმწიფო უნივერსიტეტის მთავარი ბიბლიოთეკა ბათუმის შოთა რუსთაველის სახელმწიფო უნივერსიტეტის მთავარი ბიბლიოთეკა წიგნსაცავი 2020-09-02 5.00 94(438:479) F-98 60993 2020-09-02 60993 2020-09-02 წიგნი 5 ლ.